000 02527nam0a2200409 4500
001 RU\NLR\bibl\1837535
005 20250616170845.0
010 _a978-5-87623-493-3
_9100
021 _aRU
_b2011-86171
_96152
035 _a(nilc)RSL-KNO-005068338
035 _a(NLR Aleph) 001828009
090 _a2098461
_c2098461
100 _a20111107d2011 |||y0rusy50 ca
101 0 _arus
102 _aRU
105 _aa |||||||||
200 1 _aТеория системного анализа и принятия решений
_eкурс лекций
_eучебное пособие для студентов высших учебных заведений, обучающихся по направлению Металлургия
_e[для студентов бакалавриата по направлениям "Техносферная безопасность" и "Стандартизация и сертификация"]
_fР.Т. Газимов, М.В. Усачев, К.З. Салихов
_gМ-во образования и науки РФ, Федер. гос. авт. образоват. учреждение высш. проф. образования "Нац. исслед. технол. ун-т "МИСиС", Каф. компьютер. информ. и управляющих систем автоматики
210 _aМосква
_cИздательский дом МИСиС
_cНациональный исследовательский технологический университет "МИСиС"
_d2011
215 _a51 с.
_cил.
_d21
320 _aБиблиогр.: с. 51
606 1 _aСложные системы
_jУчебные издания для высших учебных заведений
_xАнализ
_92086212
_3RU\NLR\auth\661262342
606 1 _aПринятие решений
_jУчебные издания для высших учебных заведений
_91333058
_3RU\NLR\auth\66239790
686 _aЗ811я73-1
_2rubbk
686 _aВ173.1я73-1
_2rubbk
686 _aЗ817я73-2
686 _aВ175.2я73-2
700 1 _aГазимов
_bР. Т.
_gРуслан Тахирович
_4070
701 1 _aУсачев
_bМ. В.
_gМаксим Валерьевич
_4070
701 1 _aСалихов
_bК. З.
_gКирилл Зуфарович
_4070
801 0 _aRU
_bRuMoRKP
_c20111107
_grcr
801 1 _aRU
_bРГБ
_c20111107
801 2 _aRU
_bNLR
_c20111122
_grcr
830 _aАвт. по кн.
942 _cBOOK
980 _aNB
980 _aNBR